| 000 | 01844cam a22004574i 4500 | ||
|---|---|---|---|
| 003 | PE-LiUPU | ||
| 005 | 20250731173304.0 | ||
| 008 | 150616s1929 sp r 000 0 spa d | ||
| 035 | _a(Sirsi) a3638 | ||
| 040 |
_aPE-LiUPU _bspa _cPE-LiUPU _dPE-LiUPU _erda |
||
| 049 | _aPRUA | ||
| 082 | 0 | 4 |
_a270 _bM17 _221 |
| 100 | 1 |
_aMcGlothlin, W. J., _eautor. |
|
| 245 | 1 | 0 |
_aHistoria del Cristianismo / _cW. J. McGlothlin. |
| 264 | 1 |
_aBarcelona : _bLibrería Sintes, _c1929. |
|
| 300 |
_a250 páginas ; _c20 centímetros |
||
| 336 |
_atext _2rdacontent |
||
| 337 |
_aunmediated _2rdamedia |
||
| 338 |
_avolume _2rdacarrier |
||
| 505 | 0 | _aPrimer período: del 1 a 100 A.D -- Segundo período: del 100 a323 A.D -- Tercer período: del 323 a 600 A.D -- Cuarto período: del 600 a 1050 A.D -- Quinto período: del 1050 a 1300 A.D -- Sexto período: del 1300 a 1517 A.D -- Séptimo período: del 1517 a 1648 A.D -- Período octavo: del 1648 a 1789 A.D -- Período noveno: del 1789 a 1917 A.D. | |
| 526 | _aSEG42 | ||
| 526 | _aSEG41 | ||
| 526 | _aSEG40 | ||
| 526 | _aSEG39 | ||
| 526 | _aP94 | ||
| 526 | _aP87 | ||
| 526 | _aP86 | ||
| 526 | _aP85 | ||
| 526 | _aP77 | ||
| 526 | _aP76 | ||
| 526 | _aP35 | ||
| 650 | 0 | 4 |
_aCristianismo _xHistoria. |
| 910 |
_ajck _bjvq _cjck |
||
| 942 |
_2ddc _cBOOK |
||
| 994 |
_aC0 _bPEPRU |
||
| 596 | _a1 | ||
| 999 |
_a270 M17 _wDEWEY _c44445 _i00134 _d44445 _e2017-10-5 _f2021-11-12 _g6 _lCCODEBUL1 _mBUL _n2 _p20.00 _q11 _r0 _sY _tBOOK _u2015-4-23 _xTEOLOGIA _PP35 _0COMPRA _o.STAFF. Colección Teología |
||
| 999 |
_a270 M17 _wDEWEY _c2 _i00124 _d2019-5-17 _e2018-4-29 _f2021-11-12 _g6 _lCCODEBUL1 _mBUL _n10 _p20.00 _q2 _r0 _sY _tBOOK _u2015-4-23 _xTEOLOGIA _PP35 _0COMPRA _o.STAFF. Colección Teología |
||
| 980 |
_81 _gALBERTO SANCHEZ Responsable de Automatización |
||